000 00839nam0a22002291 4500
001 rc\956343
005 20260407141023.0
035 _a(NLR Aleph) 006127057
090 _a5521664
_c5521664
100 _a20041129d1982 |||y0rusy50 ca
101 0 _arus
102 _aRU
105 _ay |||||||||
200 1 _aПротивоопухолевые антибиотики
_e[Оливомицин. Брунеомицин. Рубомицин. Карминомицин
_eНауч. клин. данные]
_fВ/О "Медэкспорт"
210 _aМ.
_cВнешторгиздат
_d[1982]
215 _a74 с.
_d21
712 0 2 _a"Медэкспорт", всесоюзное объединение
_3RU\NLR\AUTH\8810008531
_9514809
801 0 _aRU
_bNLR
_gpsbo
801 1 _aRU
_bELAR
_2rusmarc
852 _aNLR
_j83-6/1131
942 _cBOOK
980 _aNB